<?xml version="1.0" encoding="UTF-8"?><?xml-stylesheet type="text/xsl" href="static/style.xsl"?><OAI-PMH xmlns="http://www.openarchives.org/OAI/2.0/" xmlns:xsi="http://www.w3.org/2001/XMLSchema-instance" xsi:schemaLocation="http://www.openarchives.org/OAI/2.0/ http://www.openarchives.org/OAI/2.0/OAI-PMH.xsd"><responseDate>2026-04-13T13:10:44Z</responseDate><request verb="GetRecord" identifier="oai:www.recercat.cat:11351/13514" metadataPrefix="marc">https://recercat.cat/oai/request</request><GetRecord><record><header><identifier>oai:recercat.cat:11351/13514</identifier><datestamp>2026-04-01T11:56:49Z</datestamp><setSpec>com_2072_378066</setSpec><setSpec>com_2072_378040</setSpec><setSpec>col_2072_378087</setSpec></header><metadata><record xmlns="http://www.loc.gov/MARC21/slim" xmlns:dcterms="http://purl.org/dc/terms/" xmlns:xsi="http://www.w3.org/2001/XMLSchema-instance" xmlns:doc="http://www.lyncode.com/xoai" xsi:schemaLocation="http://www.loc.gov/MARC21/slim http://www.loc.gov/standards/marcxml/schema/MARC21slim.xsd">
   <leader>00925njm 22002777a 4500</leader>
   <datafield ind2=" " ind1=" " tag="042">
      <subfield code="a">dc</subfield>
   </datafield>
   <datafield ind2=" " ind1=" " tag="720">
      <subfield code="a">Godo-Pla, Anna</subfield>
      <subfield code="e">author</subfield>
   </datafield>
   <datafield ind2=" " ind1=" " tag="720">
      <subfield code="a">Moreno-Lorente, Mireia</subfield>
      <subfield code="e">author</subfield>
   </datafield>
   <datafield ind2=" " ind1=" " tag="720">
      <subfield code="a">Estrada-Sabadell, Maria-Dolors</subfield>
      <subfield code="e">author</subfield>
   </datafield>
   <datafield ind2=" " ind1=" " tag="720">
      <subfield code="a">Barreda-Arnau, Eva</subfield>
      <subfield code="e">author</subfield>
   </datafield>
   <datafield ind2=" " ind1=" " tag="720">
      <subfield code="a">Vivanco-Hidalgo, Rosa Maria</subfield>
      <subfield code="e">author</subfield>
   </datafield>
   <datafield ind2=" " ind1=" " tag="260">
      <subfield code="c">2025-08-11T08:09:54Z</subfield>
   </datafield>
   <datafield ind2=" " ind1=" " tag="260">
      <subfield code="c">2025-08-11T08:09:54Z</subfield>
   </datafield>
   <datafield ind2=" " ind1=" " tag="260">
      <subfield code="c">2025</subfield>
   </datafield>
   <datafield ind2=" " ind1=" " tag="520">
      <subfield code="a">Impressió 3D; Biomodels; Planificació quirúrgica</subfield>
   </datafield>
   <datafield ind2=" " ind1=" " tag="520">
      <subfield code="a">Impresión 3D; Biomodelos; Planificación quirúrgica</subfield>
   </datafield>
   <datafield ind2=" " ind1=" " tag="520">
      <subfield code="a">3D printing; Biomodels; Surgical planning</subfield>
   </datafield>
   <datafield ind2=" " ind1=" " tag="520">
      <subfield code="a">La planificació quirúrgica mitjançant models tridimensionals (3D) impresos i personalitzats representa una de les aplicacions en expansió de la impressió 3D en l'àmbit de la medicina personalitzada. Aquest informe té l'objectiu de mapar i sintetitzar de manera sistemàtica l'evidència disponible sobre la planificació quirúrgica basada en models 3D personalitzats.</subfield>
   </datafield>
   <datafield ind2=" " ind1=" " tag="520">
      <subfield code="a">La planificación quirúrgica mediante modelos tridimensionales (3D) impresos y personalizados representa una de las aplicaciones en expansión de la impresión 3D en el ámbito de la medicina personalizada. Este informe tiene como objetivo mapear y sintetizar de manera sistemática la evidencia disponible sobre la planificación quirúrgica basada en modelos 3D personalizados.</subfield>
   </datafield>
   <datafield ind2=" " ind1=" " tag="520">
      <subfield code="a">Surgical planning using customized three-dimensional (3D) printed models is one of the expanding applications of 3D printing in the field of personalized medicine. This report aims to systematically map and synthesize the available evidence on surgical planning based on customized 3D models.</subfield>
   </datafield>
   <datafield tag="653" ind2=" " ind1=" ">
      <subfield code="a">Impressió 3D</subfield>
   </datafield>
   <datafield tag="653" ind2=" " ind1=" ">
      <subfield code="a">Cirurgia</subfield>
   </datafield>
   <datafield tag="653" ind2=" " ind1=" ">
      <subfield code="a">Medicina personalitzada</subfield>
   </datafield>
   <datafield tag="653" ind2=" " ind1=" ">
      <subfield code="a">Imatgeria tridimensional en medicina</subfield>
   </datafield>
   <datafield tag="653" ind2=" " ind1=" ">
      <subfield code="a">INFORMATION SCIENCE::Information Science::Computing Methodologies::Computer Graphics::Computer-Aided Design::Information Science::Printing, Three-Dimensional</subfield>
   </datafield>
   <datafield tag="653" ind2=" " ind1=" ">
      <subfield code="a">DISCIPLINES AND OCCUPATIONS::Health Occupations::Medicine::Specialties, Surgical::General Surgery</subfield>
   </datafield>
   <datafield tag="653" ind2=" " ind1=" ">
      <subfield code="a">HEALTH CARE::Health Services Administration::Organization and Administration::Professional Practice::Practice Management::Practice Management, Medical::Concierge Medicine</subfield>
   </datafield>
   <datafield tag="653" ind2=" " ind1=" ">
      <subfield code="a">CIENCIA DE LA INFORMACIÓN::Ciencias de la información::metodologías computacionales::gráficos por ordenador::diseño asistido por ordenador::Ciencias de la información::impresión tridimensional</subfield>
   </datafield>
   <datafield tag="653" ind2=" " ind1=" ">
      <subfield code="a">DISCIPLINAS Y OCUPACIONES::profesiones sanitarias::medicina::especialidades quirúrgicas::cirugía general</subfield>
   </datafield>
   <datafield tag="653" ind2=" " ind1=" ">
      <subfield code="a">ATENCIÓN DE SALUD::administración de los servicios de salud::organización y administración::práctica profesional::gestión práctica::gestión de la práctica médica::asistencia médica preferente</subfield>
   </datafield>
   <datafield ind2="0" ind1="0" tag="245">
      <subfield code="a">Uso de modelos impresos en 3D personalizados en la planificación quirúrgica: mapeo sistemático de las indicaciones clínicas y revisión panorámica de aspectos organizativos y legales</subfield>
   </datafield>
</record></metadata></record></GetRecord></OAI-PMH>